000 00488nam a2200157Ia 4500
003 OSt
005 20200625151816.0
008 190216s9999||||xx |||||||||||||| ||und||
040 _coclc
082 _a954
_bKUN/I
100 _aKunhi A K, Mohamed
_9134
245 0 _aIndia Vibachanam Nedunnu:
_bAythihyavum Yadharthyavum /
_cMohamed Kunhi A K
260 _bKerala Bhasha Institute,
_c1998.
_aTrivandrum:
300 _a108p
942 _cBK
_2ddc
_h954
_iKUN/I
_k954
_mKUN/I
999 _c28081
_d28081